| 000 | 01364nam a2200337 a 4500 | ||
|---|---|---|---|
| 999 |
_c148462 _d148462 |
||
| 003 | BLK | ||
| 005 | 20231219005337.0 | ||
| 008 | 180410b bul|||||r ||||||| ||bul|| | ||
| 010 | _aKNG00154685000 | ||
| 040 | _aBLK | ||
| 041 |
_aBUL _cBUL |
||
| 080 |
_aАнглийска литература _b821.111 _x-93-34 _z821.111-93-34 |
||
| 139 |
_aРийфс, Джеймс _bР 60 |
||
| 245 | 1 | 0 |
_aАнглийски народни приказки _bЗа нач. училищна възраст _cпреразк. Джеймс Рийфс; прев. от англ. Леда Гео Милева; ил. Джоун Киндел-Монро. |
| 257 | _aGBR | ||
| 260 |
_aСофия _bНар. младеж _c1960 |
||
| 300 |
_a67 с. _bс ил., 3 л. ил. _c21см |
||
| 380 | _aDX | ||
| 490 |
_aПриказки от цял свят _9202834 |
||
| 500 | _a15 100 тир. | ||
| 700 | 1 |
_aРийфс, Джеймс _eпреразк. _9116201 |
|
| 700 |
_aМилева, Леда Гео _9363471 |
||
| 700 | 1 |
_aКиндел-Монро, Джоун _eил. _978672 |
|
| 852 | _aЦб 265735 | ||
| 856 | 4 |
_qpdf _i0.40 _ldisable |
|
| 856 | 4 |
_qpdf _i0.40 _ldisable |
|
| 942 |
_cKNG _n0 _s1 |
||
| 944 |
_aCR _c12.12.2013 _lCRON CRON _k |
||
| 944 |
_aED _c12.12.2013 _l12.12.2013 - от С1,Р / 12.12.2013 |
||
| 999 | _d148462 | ||